Margaret Atwood Bibliography - Statistics

General Stats
  • This quiz has been taken 22 times
    13 since last reset
  • The average score is 21 of 232
Answer Stats
Type Year Name % Correct
Novel 1996 Alias Grace
92%
Novel 1985 The Handmaid's Tale
92%
Short Story 1983 Hand
83%
Novel 2003 Oryx and Crake
75%
Novel 2000 The Blind Assassin
75%
Novel 2019 The Testaments
75%
Novel 1988 Cat's Eye
67%
Novel 1969 The Edible Woman
67%
Novel 2013 MaddAddam
50%
Novel 1972 Surfacing
50%
Novella 2005 The Penelopiad
50%
Novel 2015 The Heart Goes Last
42%
E-Book 2013 The Heart Goes Last: Positron, Episode Four
42%
Novel 1993 The Robber Bride
42%
Novel 2009 The Year of the Flood
42%
Novel 2016 Hag-Seed
33%
Short Story Collection 1983 Bluebeard's Egg
25%
Short Story 1983 Bluebeard's Egg
25%
Short Story Collection 1977 Dancing Girls
25%
Short Story 1977 Dancing Girls
25%
Poetry Collection 2020 Dearly
25%
Novel 1976 Lady Oracle
25%
Short Story Collection 2006 Moral Disorder
25%
Short Story 2006 Moral Disorder
25%
Poetry Collection 1971 Power Politics
25%
Poetry Collection 1964 The Circle Game
25%
Poem 1964 The Circle Game
25%
Poetry Collection 1970 The Journals of Susanna Moodie
25%
Collaborative Children's Book 1980 Anna's Pet
17%
Novel 1981 Bodily Harm
17%
E-Book 2012 Choke Collar: Positron, Episode Two
17%
Poetry Collection 1961 Double Persephone
17%
Poem 1961 Double Persephone
17%
Short Story Collection 1992 Good Bones
17%
E-Book 2012 I'm Starved For You: Positron, Episode One
17%
Poetry Collection 1984 Interlunar
17%
Novel 1979 Life Before Man
17%
Poetry Collection 1995 Morning in the Burned House
17%
Non-Fiction Book 2004 Moving Targets: Writing with Intent, 1982-2004
17%
Short Story Collection 1983 Murder in the Dark
17%
Short Story 1983 Murder in the Dark
17%
Non-Fiction Book 2002 Negotiating with the Dead: A Writer on Writing
17%
Poetry Collection 1970 Procedures for Underground
17%
Poetry Collection 1976 Selected Poems
17%
Poetry Collection 1990 Selected Poems: 1966-1984
17%
Short Story Collection 2014 Stone Mattress
17%
Short Story 2014 Stone Mattress
17%
Non-Fiction Book 1972 Survival: A Thematic Guide to Canadian Literature
17%
Poetry Collection 1968 The Animals in That Country
17%
Poem 1968 The Animals in That Country
17%
Poetry Collection 2007 The Door
17%
Poetry Collection 1978 Two-Headed Poems
17%
Short Story Collection 1991 Wilderness Tips
17%
Short Story 1991 Wilderness Tips
17%
Poetry Collection 1974 You Are Happy
17%
Graphic Novel 2016 Angel Catbird
8%
Short Story 1977 A Travel Piece
8%
Children's Book 2006 Bashful Bob and Doleful Dorinda
8%
Short Story 1983 Betty
8%
Non-Fiction Book 1977 Days of the Rebels: 1815-1840
8%
Poetry Collection 1998 Eating Fire: Selected Poems, 1965-1995
8%
E-Book 2013 Erase Me: Positron, Episode Three
8%
Poetry Collection 1965 Expeditions
8%
Collaborative Children's Book 1990 For the Birds
8%
Libretto 2004 Frankenstein Monster Song
8%
Poetry Collection 1994 Good Bones and Simple Murders
8%
Short Story 1991 Hack Wednesday
8%
Short Story 1991 Hairball
8%
Short Story 1983 Hurricane Hazel
8%
Non-Fiction Book 2011 In Other Worlds: SF and the Human Imagination
8%
Short Story 1991 Isis in Darkness
8%
Short Story 1983 Loulou
8%
Short Story 1983 Making Poison
8%
Libretto 2014 Pauline
8%
Non-Fiction Book 2008 Payback: Debt and the Shadow Side of Wealth
8%
Short Story 1977 Polarities
8%
Children's Book 1995 Princess Prunella and the Purple Peanut
8%
Children's Book 2003 Rude Ramsay and the Roaring Radishes
8%
Novel 2014 Scribbler Moon
8%
Non-Fiction Book 1982 Second Worlds: Selected Critical Prose
8%
Poetry Collection 1986 Selected Poems II: 1976-1986
8%
Short Story 1983 Significant Moments in the Life of My Mother
8%
Poetry Collection 1983 Snake Poems
8%
Poetry Collection 1966 Speeches for Doctor Frankenstein
8%
Non-Fiction Book 1995 Strange Things: The Malevolent North in Canadian Literature
8%
Short Story 1991 The Bog Man
8%
Short Story Collection 1996 The Labrador Fiasco
8%
Short Story 2006 The Labrador Fiasco
8%
Short Story Collection 2006 The Tent
8%
Libretto 1964 The Trumpets of Summer
8%
Short Story 1977 The War in the Bathroom
8%
Non-Fiction Book 1986 Through the One-Way Mirror
8%
Poetry Collection 1981 True Stories
8%
Short Story 1991 True Trash
8%
Short Story 1983 Uglypuss
8%
Short Story 1977 Under Glass
8%
Children's Book 1978 Up in the Tree
8%
TV Show 2017 Wandering Wenda
8%
Children's Book 2011 Wandering Wenda and Widow Wallop's Wunderground Washery
8%
Essay Collection 2005 Writing with Intent: Essays, Reviews, Personal Place - 1983-2005
8%
Poem 1978 You Begin
8%
Poem 1970 1837 War in Retrospect
0%
Poem 1970 A Bus Along St. Clair: December
0%
Poem 1964 A Descent Through the Carpet
0%
Poem 1964 After the Flood, We
0%
Poem 1964 Against Still Life
0%
Short Story 2014 Alphinland
0%
Poem 1970 Alternate Thoughts from Underground
0%
Poem 1964 A Meal
0%
Poem 1964 A Messenger
0%
Poem 1964 An Attempted Solution for Chess Problems
0%
Short Story 1983 A Parable
0%
Poem 1964 A Place: Fragments
0%
Poem 1964 A Sibyl
0%
Short Story 1983 Autobiography
0%
Short Story 1983 Before the War
0%
Short Story 1983 Boyfriends
0%
Short Story 1983 Bread
0%
Poem 1964 Camera
0%
Poem 1970 Chaviari
0%
Poem 1961 Chthonic Love
0%
Poem 1970 Daguerrerotype Taken in Old Age
0%
Short Story 2014 Dark Lady
0%
Short Story 1991 Death by Landscape
0%
Poem 1970 Death of a Young Son by Drowning
0%
Poem 1970 Departure from the Bush
0%
Poem 1970 Disembarking at Quebec
0%
Poem 1970 Dream 1: The Bush Garden
0%
Poem 1970 Dream 2: Brian the Still-Hunter
0%
Poem 1970 Dream 3: Night Bear Which Frightened Cattle
0%
Poem 1964 Evening Trainstation, Before Departure
0%
Poem 1964 Eventual Proteus
0%
Short Story 1983 Everlasting
0%
Short Story 1983 Fainting
0%
Poem 1970 First Neighbours
0%
Poem 1961 Formal Garden
0%
Poem 1970 Further Arrivals
0%
Short Story 1977 Giving Birth
0%
Short Story 1977 Hair Jewellery
0%
Short Story 1983 Happy Endings
0%
TV Script 1987 Heaven on Earth
0%
Poem 1961 Her Song
0%
Short Story 1983 Him
0%
Short Story 1983 Hopeless
0%
Short Story 1983 Horror Comics
0%
Poem 1961 Iconic Landscape
0%
Short Story 1983 Iconography
0%
Short Story 2014 I Dream of Zenia with the Bright Red Teeth
0%
Poem 1964 In My Ravines
0%
Short Story 1983 In Search of the Rattlesnake Plantain
0%
Short Story 1983 Instructions for the Third Eye
0%
Poem 1964 Journey to the Interior
0%
Poem 1970 Later in Belleville: Career
0%
Poem 1964 Letters, Towards and Away
0%
Short Story 1983 Liking Men
0%
Short Story 1977 Lives of the Poets
0%
Poem 1970 Looking in a Mirror
0%
Poetry Collection 1983 Love Songs of a Terminator
0%
Short Story 2014 Lusus Naturae
0%
Poem 1964 Man with a Hook
0%
Audio Recording 2005 Margaret Atwood Reading From Her Poems
0%
Audio Recording 1985 Margaret Atwood Reads "Unearthing Suite"
0%
Poem 1964 Migration: C.P.R.
0%
Short Story 2006 Monopoly
0%
Short Story 1983 Mute
0%
Short Story 2006 My Last Duchess
0%
Poem 1964 On the Streets, Love
0%
Poem 1961 Pastoral
0%
Poem 1970 Paths and Thingscape
0%
Poem 1961 Persephone Departing
0%
Poem 1964 Playing Cards
0%
Poem 1964 Pre-Amphibian
0%
Short Story 1977 Rape Fantasies
0%
Short Story 1983 Raw Materials
0%
Poem 1970 Resurrection
0%
Short Story 2014 Revenant
0%
Short Story 1983 Scarlet Ibis
0%
Short Story 1983 She
0%
Short Story 1983 Simmering
0%
TV Script 1981 Snowbird
0%
Poem 1970 Solipsism While Dying
0%
Poem 1964 Some Objects of Wood and Stone
0%
Poem 1974 Song of the Worms
0%
Poem 1964 Spring in the Igloo
0%
Short Story 1983 Spring Song of the Frogs
0%
Short Story 1983 Strawberries
0%
Short Story 1991 The Age of Lead
0%
Short Story 2006 The Art of Cooking and Serving
0%
Short Story 2006 The Bad News
0%
Short Story 2006 The Boys at the Lab
0%
Short Story 1983 The Boys' Own Annual, 1911
0%
Poem 1964 The City Planners
0%
Short Story 2014 The Dead Hand Loves You
0%
Poem 1970 The Deaths of the Other Children
0%
Poem 1970 The Double Voice
0%
Short Story 2006 The Entities
0%
Poem 1964 The Explorers
0%
Short Story 2014 The Freeze-Dried Groom
0%
Short Story 1977 The Grave of the Famous Poet
0%
Short Story 2006 The Headless Horseman
0%
Poem 1970 The Immigrants
0%
Poem 1964 The Islands
0%
Short Story 1977 The Man from Mars
0%
Short Story 2006 The Other Place
0%
Short Story 1983 The Page
0%
Poem 1970 The Planters
0%
Audio Recording 1977 The Poetry and Voice of Margaret Atwood
0%
Short Story 1977 The Resplendent Quetzal
0%
Short Story 1983 The Salt Garden
0%
TV Script 1974 The Servant Girl
0%
Poem 1964 The Settlers
0%
Short Story 1983 The Sin Eater
0%
Short Story 1983 The Sunrise
0%
Poem 1970 The Two Fires
0%
Short Story 1983 The Victory Burlesk
0%
Poem 1970 The Wereman
0%
Poem 1964 This Is a Photograph of Me
0%
Poem 1970 Thoughts from Underground
0%
Short Story 2014 Torching the Dusties
0%
Short Story 1977 Training
0%
Short Story 1983 Two Stories about Emma
0%
Short Story 1991 Uncles
0%
Short Story 1983 Unearthing Suite
0%
Poem 1970 Visit to Toronto, with Companions
0%
Short Story 1991 Weight
0%
Short Story 1977 When it Happens
0%
Short Story 2006 White Horse
0%
Poem 1964 Winter Sleepers
0%
Poem 1970 Wish: Metamorphosis to Heraldic Emblem
0%
Short Story 1983 Women's Novels
0%
Short Story 1983 Worship
0%
Video Game 2012 Zombies, Run!
0%
No matching quizzes found
Score Distribution
Percent of People with Each Score
Percentile by Number Answered
Your Score History
You have not taken this quiz since the last reset